000 02819cam a2200397 4500
001 ABS67675
008 040323n2004 000 0 eng u
035 _a(Sirsi) u125523
245 _aR v Competition Commission and others ex p Milk Marque Ltd and another (Dairy Industry Federation, Third Party)
260 _c2004
490 _aWeekly Law Reports
_v[2004] 2 WLR 374-418(115)
520 _aC-137/00, 9 September 2003. Examined the issue of the domination of co-operatives in the dairy market and whether this contravened EU law on monopolies. The first respondent, Competition Commission (C), reported that the first applicant, Milk Marque (M), had a powerful position in the milk market and had exploited it and artificially inflated prices. C also recommended that M be prevented from expanding into other EU states. However, M and the second applicant, the National Farmers' Union contended that these measures were rendered unlawful by the existence of powerful co-operatives in other EU states. "Held": that the maintenance of effective competition on the market for agricultural products was one of the objectives of the Common Agricultural Policy, EC Treaty Arts 32-38, Regulation (EEC) 804/68 and Regulation (EEC) 26/62. That member states retained jurisdiction to apply their national competition law to a milk producer's co-operative occupying a powerful position on the national market in order to achieve a price that served both producers and consumers. That the measures were not unlawful and that the HC would need to carry out an investigation into the situation in the UK dairy market and the effect of the measures. View the judgment at www.curia.eu.int.
590 _aABS
590 _aABS
650 _aR V COMPETITION COMMISSION AND OTHERS EX P MILK MARQUE LTD AND ANOTHER
650 _aMILK MARKET
650 _aMILK PRICES
650 _aMILK PRODUCERS
650 _aCOMPETITION ACT 1998
650 _aCOMPETITION LAW
650 _aFAIR TRADING ACT 1973
650 _aEUROPEAN COMPETITION LAWS
650 _aREGULATION (EEC) 804/68
650 _aREGULATION (EEC) 22/62
650 _aEC TREATY ART 32
650 _aEC TREATY ART 33
650 _aEC TREATY ART 34
650 _aEC TREATY ART 35
650 _aEC TREATY ART 36
650 _aEC TREATY ART 37
650 _aEC TREATY ART 38
690 _aRURAL-CASE LAW
856 _uhttps://www.curia.eu.int/jurisp/cgi-bin/gettext.pl?lang=en&num=79969090C19000137&doc=T&ouvert=T&seance=ARRET&where=()
_zView decision on the Court of Justice of the European Communities website...
856 _uhttps://www.curia.eu.int/jurisp/cgi-bin/gettext.pl?lang=en&num=79969090C19000137&doc=T&ouvert=T&seance=ARRET&where=()
_zView decision on the Court of Justice of the European Communities website...
942 _n0
999 _c117122
_d117122